PATHOLOGY QUICK REVIEW (Record no. 30697)

MARC details
000 -LEADER
fixed length control field 00301nam a22001457a 4500
003 - CONTROL NUMBER IDENTIFIER
control field SGT
082 ## - DEWEY DECIMAL CLASSIFICATION NUMBER
Classification number 616.07
Item number P24M
100 ## - MAIN ENTRY--PERSONAL NAME
Personal name MOHAN, HARSH
245 ## - TITLE STATEMENT
Title PATHOLOGY QUICK REVIEW
250 ## - EDITION STATEMENT
Edition statement 6TH
260 ## - PUBLICATION, DISTRIBUTION, ETC. (IMPRINT)
Place of publication, distribution, etc INDIA
Name of publisher, distributor, etc JAYPEE P[UB
Year of Publication 2024
300 ## - PAGE DESCRIPTION
No. of Pages 268
650 ## - SUBJECT ADDED ENTRY--TOPICAL TERM
Topical term or geographic name as entry element PATHOLOGY
942 ## - ADDED ENTRY ELEMENTS (KOHA)
Source of classification or shelving scheme Dewey Decimal Classification
Koha item type Books
Holdings
Withdrawn status Lost status Source of classification or shelving scheme Damaged status Not for loan Collection code Home library Current library Shelving location Date acquired Vendor Name Cost, normal purchase price SGTU Bill Number Full call number Accession No. (Barcode) Date last seen Bill Date Koha item type Total Checkouts Date last borrowed Total Renewals
    Dewey Decimal Classification   Not For Loan MEDICAL SGT Medical Library SGT Medical Library Reference Book 11/02/2025 ABC DELHI 0.00 SGTU 20461 616.07 P24M FM14933 05/04/2025 11/02/2025 Books      
    Dewey Decimal Classification     MEDICAL SGT Medical Library SGT Medical Library Text Book 11/02/2025 ABC DELHI 0.00 SGTU 20461 616.07 P24M FM14934 13/05/2026 11/02/2025 Books 12 02/05/2026  
    Dewey Decimal Classification     MEDICAL SGT Medical Library SGT Medical Library Text Book 11/02/2025 ABC DELHI 0.00 SGTU 20461 616.07 P24M FM14935 04/06/2026 11/02/2025 Books 16 15/05/2026 1